| 000 | 00423nam a2200169 a 4500 | ||
|---|---|---|---|
| 005 | 20140310183455.0 | ||
| 008 | 091208s19uu xx 00 eng d | ||
| 020 | _a0390206512 | ||
| 050 |
_aBF 77 _b.K56 2009 |
||
| 245 | _aThe Science of Psychology / | ||
| 260 |
_bMcGraw-Hill, _c2009. |
||
| 300 |
_a623 p. : _bill. ; _c26 cm. |
||
| 521 | _aPSYCH | ||
| 650 | _aPsychology. | ||
| 942 |
_cBK _2lcc _kFOR |
||
| 999 |
_c23610 _d23610 |
||